| 000 | 00775pam a2200217 a 4500 | ||
|---|---|---|---|
| 020 | _a0471364002 | ||
| 082 | 0 | 0 |
_a625.1 _bHAY _cL-39, P-178 |
| 100 | 1 |
_aHay, William Walter, _943482 |
|
| 245 | 1 | 0 |
_aRailroad engineering / _cWilliam W. Hay. |
| 250 | _a2nd ed. | ||
| 260 |
_aNew York : _bWiley, _cc1982. |
||
| 300 |
_axvi, 758 p., [2] folded leaves of plates : _bill. ; _c24 cm. |
||
| 500 | _a"A Wiley-Interscience publication." | ||
| 526 |
_a0 _b0 _c0 _d625_100000000000000_HAY |
||
| 650 | 0 |
_aMCE _9379 |
|
| 650 | 0 |
_aRailroad engineering. _943483 |
|
| 856 | 4 | _uhttp://www.loc.gov/catdir/toc/onix02/81023117.html | |
| 856 | 4 | 2 | _uhttp://www.loc.gov/catdir/bios/wiley041/81023117.html |
| 856 | 4 | 2 | _uhttp://www.loc.gov/catdir/description/wiley031/81023117.html |
| 942 |
_2ddc _cBK |
||
| 999 |
_c547276 _d547276 |
||